000 00523nam a2200205Ia 4500
005 20240823012351.0
008 240823s9999||||xx |||||||||||||| ||und||
020 _a0-340-62509-0
041 _aENGLISH
082 _A368.4 N8
100 _a"Ellis,Rroger"
245 0 _aQuality Assurance in Social Care : An introductory workbook
250 _a1st
260 _c1998
_b"Arnold,L"
500 _aTRANSFERED
650 _aTQM
_bManagement Studies
700 _a" Whittington,Dorothy"
942 _cBK
999 _c164199
_d164199